000 01004nam a2200325 a 4500
001 34958
003 BD-RjUL
005 20211209052234.0
008 140520s1993 ctu b 001 0 eng
020 _a0300056761 (alk. paper)
020 _a0300061633 (pbk.)
020 _a0300056761
035 _a(BD-RjUL)35052
040 _aLC
_beng
_cLC
_dSUSA
_dBD-RjUL
041 _aeng
082 0 0 _a305.3
_220
_bBEL 1993
100 1 _aBem, Sandra L.
_9106420
245 1 4 _aThe lenses of gender :
_btransforming the debate on sexual inequality /
_cSandra Lipsitz Bem.
260 _aNew Haven :
_bYale University Press,
_cc1993.
300 _axii, 244 p. ;
_c25 cm.
504 _aIncludes bibliographical references (p. 211-237) and index.
650 0 _aSex role.
_9106421
650 0 _aSex differences (Psychology)
_9106422
650 0 _aSexism.
_9103645
650 0 _aEquality.
_9106423
650 0 _aGender identity.
_9106424
942 _2ddc
_cBK
999 _c34958
_d34958